000 00552nam a2200193Ia 4500
005 20250326144755.0
008 250326s9999 xx 000 0 und d
020 _a0-495-09474-9
037 _aTextbook
040 _aFMSL
_beng
_cFMSL
041 _aeng
_2eng
084 _aSN1obX:8 P8
_qFMSL
100 _aOtt J.steven
_9141287
245 0 _aClassic reading in organizational behavior
_cOtt J.steven And Others
260 _aU.K
_bU.K, Thomson
_c2008
300 _axix,476
942 _cTB
_hSN1obX:8 P8
999 _c1304997
_d1304997